Dayton International Airport Destinations (Dayton, OH, USA) - Statistics

General Stats
  • This quiz has been taken 83 times
    38 since last reset
  • The average score is 10 of 12
Answer Stats
Airline Destination % Correct
Delta Air Lines/Delta Connection Atlanta
100%
American Eagle/United Airlines/United Express Chicago (O'Hare)
97%
American Eagle Dallas/Fort Worth
97%
Delta Connection New York (LaGuardia)
94%
American Eagle Charlotte
87%
American Eagle Philadelphia
87%
United Airlines/United Express Denver
84%
Allegiant Air Orlando/Sanford
84%
United Express Washington (Dulles)
84%
American Eagle Washington (National)
84%
Allegiant Air St. Petersburg/Clearwater
52%
Allegiant Air Punta Gorda (FL)
48%
No matching quizzes found
Score Distribution
Percent of People with Each Score
Percentile by Number Answered
Your Score History
You have not taken this quiz since the last reset